| 000 | 02172nam0a2200373 4500 | ||
|---|---|---|---|
| 001 | RU\NLR\BIBL_A\022649246 | ||
| 005 | 20260420055125.0 | ||
| 010 | _a978-5-6054135-1-6 | ||
| 021 |
_aRU _bКН-П-25-052662 _9КН-П-25-5082 |
||
| 035 | _a(NLR Aleph) 022649246 | ||
| 090 |
_a13685637 _c13685637 |
||
| 100 | _a20251021d2025 u y0rusy50 ca | ||
| 101 | 0 | _arus | |
| 102 | _aRU | ||
| 105 | _aac z 000ay | ||
| 181 | 0 |
_ai _baxxe |
|
| 182 | 0 | _an | |
| 200 | 1 |
_aКнига добрых историй _e[сборник, написанный детьми и взрослыми со всей России] _fФонд реализации программ и проектов, направленных на развитие культуры, искусства и "Подари добро детям" |
|
| 203 |
_aТекст _bвизуальный _cнепосредственный |
||
| 210 |
_aСаратов _cКУБиК _d2025 |
||
| 215 |
_a307 с. _cил., цв. ил. _d21 |
||
| 300 | _aКн. издана на средства Фонда "Подари добро детям", а также на средства участников Всерос. лит. проекта "Книга добрых историй" | ||
| 327 | 0 | _aСодерж. авт.: Алексеенко Н. В., Баранович Д. Д., Баталова М. Х., Беседин М. О., Бикмулина С. В., Брылева Т. А., Вильная Е. А., Власов Е. А., Волощенюк А. Р., Галюра В. С. [и др.] | |
| 333 | _aКн. издана огранич. тиражом и запрещена к продаже | ||
| 686 | 0 | _aШ9(2)8 | |
| 686 | 0 | _aШ9(2)62=Р7я43 | |
| 712 | 0 | 2 |
_4570 _a"Подари добро детям", фонд развития культуры, поддержки детского творчества и помощи детям, нуждающимся в лечении и реабилитации _cБалаково _92683829 _3RU\NLR\AUTH\880633973 |
| 942 | _cBOOK | ||
| 980 | _aNB | ||